<?xml version="1.0" encoding="UTF-8"?><?xml-stylesheet type="text/xsl" href="static/style.xsl"?><OAI-PMH xmlns="http://www.openarchives.org/OAI/2.0/" xmlns:xsi="http://www.w3.org/2001/XMLSchema-instance" xsi:schemaLocation="http://www.openarchives.org/OAI/2.0/ http://www.openarchives.org/OAI/2.0/OAI-PMH.xsd"><responseDate>2026-04-13T04:21:53Z</responseDate><request verb="GetRecord" identifier="oai:www.recercat.cat:2072/489202" metadataPrefix="marc">https://recercat.cat/oai/request</request><GetRecord><record><header><identifier>oai:recercat.cat:2072/489202</identifier><datestamp>2026-01-30T13:37:55Z</datestamp><setSpec>com_2072_300912</setSpec><setSpec>com_2072_4427</setSpec><setSpec>col_2072_301309</setSpec></header><metadata><record xmlns="http://www.loc.gov/MARC21/slim" xmlns:dcterms="http://purl.org/dc/terms/" xmlns:xsi="http://www.w3.org/2001/XMLSchema-instance" xmlns:doc="http://www.lyncode.com/xoai" xsi:schemaLocation="http://www.loc.gov/MARC21/slim http://www.loc.gov/standards/marcxml/schema/MARC21slim.xsd">
   <leader>00925njm 22002777a 4500</leader>
   <datafield ind2=" " ind1=" " tag="042">
      <subfield code="a">dc</subfield>
   </datafield>
   <datafield ind2=" " ind1=" " tag="720">
      <subfield code="a">Vettori, Mattia</subfield>
      <subfield code="e">author</subfield>
   </datafield>
   <datafield ind2=" " ind1=" " tag="720">
      <subfield code="a">Franco, Federico</subfield>
      <subfield code="e">author</subfield>
   </datafield>
   <datafield ind2=" " ind1=" " tag="720">
      <subfield code="a">Fernández, Sergio</subfield>
      <subfield code="e">author</subfield>
   </datafield>
   <datafield ind2=" " ind1=" " tag="720">
      <subfield code="a">Pey, Guillem</subfield>
      <subfield code="e">author</subfield>
   </datafield>
   <datafield ind2=" " ind1=" " tag="720">
      <subfield code="a">Martin Diaconescu, Vlad</subfield>
      <subfield code="e">author</subfield>
   </datafield>
   <datafield ind2=" " ind1=" " tag="720">
      <subfield code="a">Luis, Josep M.</subfield>
      <subfield code="e">author</subfield>
   </datafield>
   <datafield ind2=" " ind1=" " tag="720">
      <subfield code="a">Lloret-Fillol, Julio</subfield>
      <subfield code="e">author</subfield>
   </datafield>
   <datafield ind2=" " ind1=" " tag="260">
      <subfield code="c">2026-01-29</subfield>
   </datafield>
   <datafield ind2=" " ind1=" " tag="520">
      <subfield code="a">The conversion of low-concentration CO2 streams into fuel is highly desirable for industrial applications, avoiding energy-intensive CO2 capture and concentration. Here, we report a highly active molecular electrocatalyst, fac-[Mn(CO)3(bis-MeNHC)(MeCN)]+ (1-MeCN+), which enables the direct electrochemical reduction of near-atmospheric CO2 concentrations to CO with up to 100% Faradaic efficiency. Voltammetric analysis at varying CO2 concentrations reveals a clear transition between distinct kinetic regimes, shifting from pure kinetic control to a regime dominated by CO2 depletion. Kinetic analysis in the 5%–100% CO2 range reveals a first-order dependence on substrate concentration. Infrared spectroelectrochemistry confirms that the electrogenerated anionic catalyst remains active under extremely diluted CO2 conditions. Computational modeling further supports that the CO2-to-CO conversion mediated by the doubly reduced species is kinetically accessible at atmospheric CO2 levels. This work demonstrates molecular electrocatalysis even at CO2 concentrations as low as 420 ppm (i.e. atmospheric CO2 partial pressure).</subfield>
   </datafield>
   <datafield ind1="8" ind2=" " tag="024">
      <subfield code="a">http://hdl.handle.net/2072/489202</subfield>
   </datafield>
   <datafield ind1="8" ind2=" " tag="024">
      <subfield code="a">https://doi.org/10.1002/anie.8293935</subfield>
   </datafield>
   <datafield ind2="0" ind1="0" tag="245">
      <subfield code="a">Molecular Electrocatalyst Enables Direct Electrochemical Capture and Conversion of CO2 up to Atmospheric Concentration</subfield>
   </datafield>
</record></metadata></record></GetRecord></OAI-PMH>